Знатные распутницы: пер. с фр.

Detaylı Bibliyografya
Yazar: Бенцони Ж. Жюльетта
Özet:Женщины, охваченные любовной лихорадкой... Женщины, не привыкшие и не желающие сдерживать свои чувства... Таковы прекрасная Габриэль д'Эстре, любовница короля Франции, и расчетливая Гортензия, племянница кардинала Мазарини, и английская авантюристка Гамильтон, снискавшая среди поклонников титул "божественной леди", и многие, многие другие... Неукротимая страсть, не знающая нравственных преград, — вот черта, которая объединяет героинь этого удивительного повествования.
Dil:Rusça
Baskı/Yayın Bilgisi: Москва, Эксмо, 2013
Seri Bilgileri:Жюльетта Бенцони. Королева французского романа
Konular:
Materyal Türü: Kitap
KOHA link:https://koha.lib.tpu.ru/cgi-bin/koha/opac-detail.pl?biblionumber=257017

MARC

LEADER 00000nam0a2200000 4500
001 257017
005 20231101233151.0
010 |a 9785699656882 
035 |a (RuTPU)RU\TPU\book\279775 
090 |a 257017 
100 |a 20140414d2013 m y0rusy50 ca 
101 1 |a rus  |c fre 
102 |a RU 
105 |a y z 000ay 
200 1 |a Знатные распутницы  |e пер. с фр.  |f Ж. Бенцони 
210 |a Москва  |c Эксмо  |d 2013 
215 |a 316 с. 
225 1 |a Жюльетта Бенцони. Королева французского романа 
330 |a Женщины, охваченные любовной лихорадкой... Женщины, не привыкшие и не желающие сдерживать свои чувства... Таковы прекрасная Габриэль д'Эстре, любовница короля Франции, и расчетливая Гортензия, племянница кардинала Мазарини, и английская авантюристка Гамильтон, снискавшая среди поклонников титул "божественной леди", и многие, многие другие... Неукротимая страсть, не знающая нравственных преград, — вот черта, которая объединяет героинь этого удивительного повествования. 
606 1 |a Французская литература  |x Произведения  |2 stltpush  |3 (RuTPU)RU\TPU\subj\64346  |9 81252 
610 1 |a романы 
610 1 |a любовь 
675 |a 84  |v 3 
700 1 |a Бенцони  |b Ж.  |g Жюльетта 
801 1 |a RU  |b 63413507  |c 20140414 
801 2 |a RU  |b 63413507  |c 20140707  |g RCR 
942 |c BK 
959 |a 68/20140410  |d 1  |e 225,50  |f ХФ:1